[Event "Titled Tuesday intern op 12th Sep Late"]
[Site "Chess.com INT"]
[Date "2023.09.12"]
[Round "10"]
[White "Da Silva, Alessandro Rodrigue"]
[Black "Hoffmann, Asa"]
[Result "0-1"]
[WhiteElo "2186"]
[BlackElo "2185"]
[PlyCount "126"]
[EventDate "2023.09.12"]
[EventType "swiss (blitz)"]
[EventRounds "11"]
[EventCountry "USA"]
[SourceTitle "EXT 2024"]
[Source "ChessBase"]
[SourceDate "2023.10.10"]
[SourceVersion "1"]
[SourceVersionDate "2023.10.10"]
[SourceQuality "1"]

1. e4 d6 2. d4 Nf6 3. Nc3 c6 4. Be2 Nbd7 5. g4 e5 6. g5 Ng8 7. dxe5 dxe5 8. Be3 h6 9. gxh6 Nxh6 10. Qd2 Qa5 11. 0-0-0 Bb4 12. Kb1 Bxc3 13. Qxc3 Qxc3 14. bxc3 Nf6 15. f3 Be6 16. Bd3 Nhg8 17. Ne2 Ne7 18. Ka1 Rh3 19. Ng3 b6 20. Bf1 Rh8 21. h4 Rd8 22. Rxd8+ Kxd8 23. Be2 Kc7 24. h5 g6 25. Bg5 Nfg8 26. hxg6 Rxh1+ 27. Nxh1 Nxg6 28. Ng3 f6 29. Be3 N8e7 30. Nh5 f5 31. exf5 Bxf5 32. Bd2 Bxc2 33. Nf6 Nd5 34. Ng4 Kd6 35. c4 Ndf4 36. Bb4+ c5 37. Bc3 Bf5 38. Bd1 Bxg4 39. fxg4 e4 40. Kb2 e3 41. Bf3 Ne5 42. Bxe5+ Kxe5 43. Kc3 Nh3 44. Kd3 Kf4 45. Be2 Nf2+ 46. Kc2 Nxg4 47. Kd3 Ne5+ 48. Kc3 Ke4 49. a3 Nc6 50. Bh5 Nd4 51. Bg6+ Kf3 52. Bh5+ Kf2 53. Kd3 e2 54. Bxe2 Nxe2 55. Ke4 Nd4 56. Kd5 Ke3 57. Kd6 Kd3 58. Kc7 Kxc4 59. Kb7 Kb3 60. Kxa7 Kxa3 61. Kxb6 c4 62. Kc5 c3 63. Kxd4 c2 0-1

[Event "Titled Tuesday intern op 12th Sep Late"]
[Site "Chess.com INT"]
[Date "2023.09.12"]
[Round "7"]
[White "Da Silva, Alessandro Rodrigue"]
[Black "Pavlidou, Ekaterini"]
[Result "1-0"]
[WhiteElo "2186"]
[BlackElo "2088"]
[PlyCount "45"]
[EventDate "2023.09.12"]
[EventType "swiss (blitz)"]
[EventRounds "11"]
[EventCountry "USA"]
[SourceTitle "EXT 2024"]
[Source "ChessBase"]
[SourceDate "2023.10.10"]
[SourceVersion "1"]
[SourceVersionDate "2023.10.10"]
[SourceQuality "1"]

1. e4 c5 2. Nf3 Nc6 3. b4 cxb4 4. d4 d5 5. exd5 Qxd5 6. c4 bxc3 7. Nxc3 Qa5 8. Rb1 Qxc3+ 9. Bd2 Qa3 10. d5 Nf6 11. dxc6 bxc6 12. Qc2 Bd7 13. Bb4 e6 14. Bxa3 Bxa3 15. Bd3 0-0 16. 0-0 Nd5 17. Bxh7+ Kh8 18. Be4 Bd6 19. Ng5 f5 20. Bxd5 exd5 21. Qd3 Rf6 22. Qh3+ Kg8 23. Qh7+ 1-0

[Event "Campo Grande Caissa 2nd"]
[Site "Campo Grande"]
[Date "2016.05.15"]
[Round "9"]
[White "Da Silva, Alessandro Rodrigue"]
[Black "Gazineu Neto, Rubens"]
[Result "0-1"]
[WhiteElo "2202"]
[BlackElo "1963"]
[PlyCount "182"]
[EventDate "2016.05.12"]
[EventType "tourn"]
[EventRounds "9"]
[EventCountry "BRA"]
[SourceTitle "EXT 2018"]
[Source "ChessBase"]
[SourceDate "2017.10.13"]
[SourceVersion "1"]
[SourceVersionDate "2017.10.13"]
[SourceQuality "1"]

1. e4 c5 2. d4 cxd4 3. c3 dxc3 4. Nxc3 d6 5. Bc4 e6 6. Nf3 Be7 7. 0-0 a6 8. Qe2 b5 9. Bb3 Ra7 10. Be3 Rd7 11. Rfd1 Nc6 12. a3 h6 13. Rac1 Bb7 14. Ba2 Nf6 15. h3 0-0 16. Bf4 Re8 17. Bb1 Qa5 18. Bd2 Qb6 19. Be3 Qa5 20. Nd2 Qd8 21. f4 e5 22. Nd5 Nxd5 23. exd5 Nd4 24. Qd3 g6 25. Bxd4 exd4 26. f5 Bg5 27. fxg6 Be3+ 28. Kh1 fxg6 29. Rc6 Bxc6 30. dxc6 Rg7 31. Nf3 Qb6 32. Nxd4 Bxd4 33. Ba2+ Kh7 34. Qxd4 Qxc6 35. Qxd6 Re1+ 36. Kh2 Qxd6+ 37. Rxd6 Ra7 38. Bd5 Re2 39. b3 Ree7 40. Bf3 Re5 41. Kg3 Re3 42. Kh2 Kg7 43. Bd1 Rc3 44. a4 b4 45. a5 Rc5 46. Rb6 Rb5 47. Bf3 Rxa5 48. Be4 Rg5 49. Rxb4 Rb5 50. Rd4 Rb6 51. Bd3 Rc7 52. Rd5 Rcc6 53. Bc4 Rb4 54. Rd7+ Kf6 55. Ra7 Rbb6 56. Kg3 Ke5 57. Rd7 Rd6 58. Rh7 g5 59. Ra7 Kd4 60. Kf2 Kc3 61. Ra8 Rdc6 62. Ke3 Rxc4 63. bxc4 Re6+ 64. Kf2 Kxc4 65. Rc8+ Kb5 66. Rc1 a5 67. Rb1+ Kc4 68. Ra1 Ra6 69. Ke3 Kb3 70. Rb1+ Kc2 71. Rb7 a4 72. Rc7+ Kb3 73. Rb7+ Kc4 74. Rc7+ Kb5 75. Rc1 a3 76. Rb1+ Kc4 77. Kd2 a2 78. Rc1+ Kd4 79. Ra1 h5 80. Kc2 Ke3 81. g4 h4 82. Kb2 Kf2 83. Kc2 Kg2 84. Kd2 Kxh3 85. Ke2 Kxg4 86. Kf2 Kf4 87. Ke2 g4 88. Kf2 h3 89. Kg1 g3 90. Kf1 Kf3 91. Kg1 Rb6 0-1

[Event "Campo Grande Caissa 2nd"]
[Site "Campo Grande"]
[Date "2016.05.14"]
[Round "5"]
[White "Villalba, Marcelo"]
[Black "Da Silva, Alessandro Rodrigue"]
[Result "1/2-1/2"]
[WhiteElo "2265"]
[BlackElo "2202"]
[PlyCount "36"]
[EventDate "2016.05.12"]
[EventType "tourn"]
[EventRounds "9"]
[EventCountry "BRA"]
[SourceTitle "EXT 2018"]
[Source "ChessBase"]
[SourceDate "2017.10.13"]
[SourceVersion "1"]
[SourceVersionDate "2017.10.13"]
[SourceQuality "1"]

1. e4 c5 2. Nf3 d6 3. d4 cxd4 4. Nxd4 Nf6 5. Nc3 g6 6. g3 Nc6 7. Nde2 Bg4 8. Bg2 Qd7 9. h3 Bxe2 10. Qxe2 Bg7 11. 0-0 0-0 12. Nd5 Rac8 13. c3 Qe6 14. Re1 Rfe8 15. Kh2 Nxd5 16. exd5 Qxe2 17. Rxe2 Ne5 18. Be3 Nc4 1/2-1/2

[Event "Campo Grande Caissa 2nd"]
[Site "Campo Grande"]
[Date "2016.05.12"]
[Round "2"]
[White "Da Silva, Alessandro Rodrigue"]
[Black "Gralha, Marcelo Ferreira"]
[Result "1/2-1/2"]
[WhiteElo "2202"]
[BlackElo "2019"]
[PlyCount "69"]
[EventDate "2016.05.12"]
[EventType "tourn"]
[EventRounds "9"]
[EventCountry "BRA"]
[SourceTitle "EXT 2018"]
[Source "ChessBase"]
[SourceDate "2017.10.13"]
[SourceVersion "1"]
[SourceVersionDate "2017.10.13"]
[SourceQuality "1"]

1. d4 Nf6 2. Nc3 d5 3. Bg5 Nbd7 4. f3 c6 5. e4 dxe4 6. fxe4 Qa5 7. Bd2 Qb6 8. Nf3 e5 9. dxe5 Ng4 10. Qe2 Qxb2 11. Rb1 Qa3 12. e6 fxe6 13. h3 Nge5 14. Nxe5 Nxe5 15. Qh5+ Ng6 16. Be2 Bb4 17. Rb3 Qa5 18. 0-0 Qxh5 19. Bxh5 Bc5+ 20. Kh1 Rf8 21. Rxf8+ Kxf8 22. Bxg6 hxg6 23. Bf4 b6 24. e5 Ba6 25. Ne4 Be7 26. Rg3 Bc4 27. a3 Bd5 28. Nd6 b5 29. Rxg6 a5 30. c3 Rb8 31. Bd2 c5 32. Rg4 a4 33. h4 Kg8 34. h5 Kh7 35. Kg1 1/2-1/2

[Event "Maravilhosa-ch op"]
[Site "Maravilhosa"]
[Date "2016.01.22"]
[Round "1"]
[White "Da Silva, Alessandro Rodrigue"]
[Black "Da Costa, Carlos Henrique Luz"]
[Result "0-1"]
[WhiteElo "2211"]
[BlackElo "1691"]
[PlyCount "80"]
[EventDate "2016.01.22"]
[EventType "swiss"]
[EventRounds "6"]
[EventCountry "BRA"]
[SourceTitle "CBM 170 Extra"]
[Source "ChessBase"]
[SourceDate "2016.02.25"]
[SourceVersion "1"]
[SourceVersionDate "2016.02.25"]
[SourceQuality "1"]

1. e4 e6 2. Qe2 Nf6 3. e5 Nd5 4. c4 Nb4 5. d4 c5 6. a3 N4c6 7. d5 Nd4 8. Qe4 f5 9. Qd3 Be7 10. d6 Bg5 11. f4 Bh6 12. b4 b6 13. Be3 Bb7 14. Bxd4 cxd4 15. Ne2 Be4 16. Qxd4 Qh4+ 17. Qf2 Qxf2+ 18. Kxf2 Bd3 19. g4 Be4 20. Rg1 fxg4 21. Rxg4 Nc6 22. Bg2 Bf5 23. Rg3 Rc8 24. Bxc6 Rxc6 25. Nd2 0-0 26. h4 Bg6 27. Rxg6 hxg6 28. Ke3 Rfc8 29. Nd4 Rxc4 30. Nxc4 Rxc4 31. Kd3 Rc8 32. Rf1 a6 33. Nb3 Kf7 34. Nd2 b5 35. Nb3 Rc4 36. Nd4 Ke8 37. Ne2 Kf7 38. Ke3 Ke8 39. Rc1 Bxf4+ 40. Nxf4 Rxc1 0-1

[Event "Maravilhosa-ch op"]
[Site "Maravilhosa"]
[Date "2016.01.22"]
[Round "2"]
[White "Fernandes, Wagner Dias"]
[Black "Da Silva, Alessandro Rodrigue"]
[Result "0-1"]
[WhiteElo "1604"]
[BlackElo "2211"]
[PlyCount "36"]
[EventDate "2016.01.22"]
[EventType "swiss"]
[EventRounds "6"]
[EventCountry "BRA"]
[SourceTitle "CBM 170 Extra"]
[Source "ChessBase"]
[SourceDate "2016.02.25"]
[SourceVersion "1"]
[SourceVersionDate "2016.02.25"]
[SourceQuality "1"]

1. d4 e5 2. e3 Nc6 3. c3 d5 4. Bb5 e4 5. h3 Bd6 6. Nd2 f5 7. Nb3 Qg5 8. g4 fxg4 9. h4 Qf6 10. Ne2 Nge7 11. Nf4 0-0 12. Be2 Bxf4 13. exf4 h5 14. Bd2 Ng6 15. Qc2 Nxf4 16. Bxf4 Qxf4 17. Bb5 g3 18. Kf1 Qf3 0-1

[Event "Campo Grande 3rd"]
[Site "Campo Grande"]
[Date "2014.06.21"]
[Round "7"]
[White "Lima, Aine Carolina"]
[Black "Da Silva, Alessandro Rodrigue"]
[Result "0-1"]
[WhiteElo "1683"]
[BlackElo "2196"]
[PlyCount "66"]
[EventDate "2014.06.19"]
[EventType "tourn"]
[EventRounds "9"]
[EventCountry "BRA"]
[SourceTitle "CBM 161 Extra"]
[Source "ChessBase"]
[SourceDate "2014.08.29"]
[SourceVersion "1"]
[SourceVersionDate "2014.08.29"]
[SourceQuality "1"]

1. e4 c5 2. Nf3 d6 3. Nc3 Nc6 4. Bc4 Nf6 5. 0-0 e5 6. d3 Be7 7. Bg5 0-0 8. Bh4 Bg4 9. h3 Bh5 10. g4 Bg6 11. Ng5 Na5 12. Bb5 a6 13. Ba4 b5 14. Bb3 Nxb3 15. cxb3 b4 16. Ne2 Nxe4 17. dxe4 Bxg5 18. Bxg5 Qxg5 19. Qd3 Rad8 20. Rfe1 h5 21. Ng3 hxg4 22. hxg4 Qxg4 23. Kg2 d5 24. exd5 Bxd3 25. Rxe5 Rxd5 26. Rxd5 Be4+ 27. Kh2 Qh4+ 28. Kg1 Bxd5 29. Rd1 Bf3 30. Kf1 Qh3+ 31. Ke1 Re8+ 32. Kd2 Qd7+ 33. Kc2 Qxd1# 0-1

[Event "Campo Grande 3rd"]
[Site "Campo Grande"]
[Date "2014.06.20"]
[Round "4"]
[White "Da Silva, Alessandro Rodrigue"]
[Black "Gonzales, Mario Sergio"]
[Result "1-0"]
[WhiteElo "2196"]
[BlackElo "1860"]
[PlyCount "21"]
[EventDate "2014.06.19"]
[EventType "tourn"]
[EventRounds "9"]
[EventCountry "BRA"]
[SourceTitle "CBM 161 Extra"]
[Source "ChessBase"]
[SourceDate "2014.08.29"]
[SourceVersion "1"]
[SourceVersionDate "2014.08.29"]
[SourceQuality "1"]

1. e4 c5 2. Nf3 d6 3. Bc4 Nf6 4. e5 dxe5 5. Nxe5 e6 6. Qe2 Nbd7 7. Nxf7 Kxf7 8. Qxe6+ Kg6 9. Qf7+ Kh6 10. d3+ g5 11. h4 1-0

[Event "Campo Grande 3rd"]
[Site "Campo Grande"]
[Date "2014.06.19"]
[Round "2"]
[White "Da Silva, Alessandro Rodrigue"]
[Black "Lopes, Marcelo Ferreira"]
[Result "1-0"]
[WhiteElo "2196"]
[BlackElo "2011"]
[PlyCount "57"]
[EventDate "2014.06.19"]
[EventType "tourn"]
[EventRounds "9"]
[EventCountry "BRA"]
[SourceTitle "CBM 161 Extra"]
[Source "ChessBase"]
[SourceDate "2014.08.29"]
[SourceVersion "1"]
[SourceVersionDate "2014.08.29"]
[SourceQuality "1"]

1. f4 e6 2. Nf3 d5 3. d4 Nf6 4. e3 c5 5. c3 Nc6 6. Bd3 b6 7. Nbd2 a5 8. Qe2 c4 9. Bc2 b5 10. Ne5 Qc7 11. e4 Be7 12. 0-0 0-0 13. Nxc6 Qxc6 14. e5 Nd7 15. f5 exf5 16. Bxf5 g6 17. Bc2 Nb6 18. Nf3 b4 19. Bh6 Re8 20. Ng5 Be6 21. Rf2 Bxg5 22. Bxg5 bxc3 23. bxc3 Rab8 24. Qe3 Nd7 25. Bh4 Kg7 26. Bf6+ Nxf6 27. exf6+ Kh8 28. Qh6 Rg8 29. Rf4 1-0

[Event "Campo Grande 3rd"]
[Site "Campo Grande"]
[Date "2014.06.19"]
[Round "3"]
[White "Freitas, Romeu Salvador"]
[Black "Da Silva, Alessandro Rodrigue"]
[Result "1/2-1/2"]
[WhiteElo "2278"]
[BlackElo "2196"]
[PlyCount "67"]
[EventDate "2014.06.19"]
[EventType "tourn"]
[EventRounds "9"]
[EventCountry "BRA"]
[SourceTitle "CBM 161 Extra"]
[Source "ChessBase"]
[SourceDate "2014.08.29"]
[SourceVersion "1"]
[SourceVersionDate "2014.08.29"]
[SourceQuality "1"]

1. d4 c5 2. d5 e5 3. e4 d6 4. Nc3 a6 5. a4 g6 6. f4 exf4 7. Bxf4 Bg7 8. Nf3 Nf6 9. Be2 Bg4 10. 0-0 0-0 11. Nd2 Bxe2 12. Qxe2 Nh5 13. Be3 Nd7 14. g4 Nhf6 15. Bg5 Ne5 16. h3 h6 17. Bf4 Nfd7 18. Nd1 Kh7 19. Ne3 Qe7 20. Bg3 Bf6 21. Kg2 Bh4 22. Bxh4 Qxh4 23. Qf2 Qxf2+ 24. Rxf2 b5 25. b3 Kg7 26. h4 Nf6 27. Kg3 h5 28. g5 Nfg4 29. Nxg4 Nxg4 30. Rf4 Ne3 31. Rc1 Ng4 32. Rf3 Ne3 33. Rf4 Ng4 34. Rf3 1/2-1/2

[Event "Campo Grande op"]
[Site "Campo Grande"]
[Date "2013.10.12"]
[Round "3"]
[White "Da Silva, Alessandro Rodrigue"]
[Black "Langner, Donizete Ribeiro"]
[Result "0-1"]
[WhiteElo "2203"]
[BlackElo "1950"]
[PlyCount "106"]
[EventDate "2013.10.11"]
[EventType "swiss"]
[EventRounds "5"]
[EventCountry "BRA"]
[SourceTitle "EXT 2014"]
[Source "ChessBase"]
[SourceDate "2013.11.20"]
[SourceVersion "1"]
[SourceVersionDate "2013.11.20"]
[SourceQuality "1"]

1. e4 c5 2. Nf3 Nc6 3. Bb5 e5 4. Bxc6 dxc6 5. h3 Nf6 6. d3 Qc7 7. Bg5 Be7 8. Nbd2 Be6 9. Qe2 h6 10. Bh4 Rd8 11. b3 b5 12. 0-0 0-0 13. a4 Rfe8 14. Nh2 Nh7 15. Bxe7 Rxe7 16. Qe3 Qd6 17. axb5 cxb5 18. Ra5 c4 19. bxc4 bxc4 20. Nxc4 Bxc4 21. dxc4 Qd4 22. Ng4 Qxc4 23. Nxe5 Qe6 24. f3 Rc7 25. Rc1 Rdc8 26. Nd3 Rc3 27. Qd4 Rxd3 28. cxd3 Rxc1+ 29. Kh2 Qb6 30. Qxb6 axb6 31. Rb5 Rd1 32. Rb3 Nf6 33. Kg3 Nh5+ 34. Kg4 g6 35. h4 Rg1 36. Rb2 Rd1 37. Rxb6 Rd2 38. Kh3 Nf4+ 39. Kg3 Nh5+ 40. Kh3 Rxd3 41. Rb2 Kg7 42. Rf2 Kf6 43. Ra2 Ke5 44. Kg4 Nf6+ 45. Kh3 Kf4 46. Ra7 Nd7 47. h5 g5 48. Kh2 g4 49. fxg4 Kxg4 50. Ra5 f6 51. Rf5 Re3 52. Rd5 Ne5 53. Rd6 Kxh5 0-1

[Event "Recife Dokmus op"]
[Site "Recife"]
[Date "2013.01.20"]
[Round "6"]
[White "Da Silva, Alessandro Rodrigue"]
[Black "Rocha, Vitor Firmo de Souz"]
[Result "1/2-1/2"]
[WhiteElo "2198"]
[BlackElo "1970"]
[PlyCount "103"]
[EventDate "2013.01.17"]
[EventType "swiss"]
[EventRounds "7"]
[EventCountry "BRA"]
[SourceTitle "CBM 152 Extra"]
[Source "ChessBase"]
[SourceDate "2013.02.25"]
[SourceVersion "1"]
[SourceVersionDate "2013.02.25"]
[SourceQuality "1"]

1. e4 c6 2. d4 d5 3. exd5 cxd5 4. c4 Nf6 5. Nc3 Nc6 6. Nf3 Bg4 7. Be2 dxc4 8. d5 Bxf3 9. gxf3 Ne5 10. f4 Nd3+ 11. Bxd3 cxd3 12. Qxd3 e6 13. Qb5+ Qd7 14. dxe6 fxe6 15. a3 Qxb5 16. Nxb5 Nd5 17. Be3 a6 18. Nd4 Nxe3 19. fxe3 Kf7 20. Rc1 Bd6 21. Ke2 Rac8 22. Nf3 h6 23. Rhd1 Rxc1 24. Rxc1 Rd8 25. h3 Kf6 26. Nd2 Ke7 27. Ne4 Bb8 28. Rg1 Kf7 29. Rc1 Ke7 30. Rc3 Ba7 31. Rc7+ Rd7 32. Rc4 Bb6 33. Nc3 Bc7 34. Re4 Kf7 35. Rc4 Ke7 36. Ne4 Bb6 37. b4 Kf7 38. a4 Kg6 39. Rc8 a5 40. b5 Kf5 41. Nd2 Rc7 42. Rxc7 Bxc7 43. Kf3 g6 44. Nc4 b6 45. e4+ Kf6 46. Ne3 Kg7 47. f5 exf5 48. exf5 gxf5 49. Nxf5+ Kg6 50. Ne7+ Kh5 51. Nf5 Kg5 52. Ne3 1/2-1/2

[Event "Recife Dokmus op"]
[Site "Recife"]
[Date "2013.01.19"]
[Round "5"]
[White "Da Silva, Alessandro Rodrigue"]
[Black "De Lima, Carlos Alexandre"]
[Result "1-0"]
[WhiteElo "2198"]
[BlackElo "2101"]
[PlyCount "101"]
[EventDate "2013.01.17"]
[EventType "swiss"]
[EventRounds "7"]
[EventCountry "BRA"]
[SourceTitle "CBM 152 Extra"]
[Source "ChessBase"]
[SourceDate "2013.02.25"]
[SourceVersion "1"]
[SourceVersionDate "2013.02.25"]
[SourceQuality "1"]

1. e4 d6 2. d4 Nf6 3. Nc3 c6 4. Bc4 d5 5. exd5 cxd5 6. Bd3 Nc6 7. Nf3 Bg4 8. Be3 e6 9. 0-0 Bb4 10. Nb1 0-0 11. c3 Bd6 12. Nbd2 a6 13. Rc1 b5 14. Bg5 h6 15. Bh4 Bf4 16. Be2 Na5 17. Ne5 Bf5 18. Bxf6 gxf6 19. Nd3 Bd6 20. Ra1 Qc7 21. g3 Nc4 22. b3 Nb6 23. Rc1 Bh3 24. Re1 f5 25. Nf3 Nd7 26. Nfe5 Kh7 27. Nf4 Bg4 28. Bxg4 fxg4 29. Nxd7 Qxd7 30. Qxg4 Rg8 31. Nxd5 Rg6 32. Nf6+ Rxf6 33. Qe4+ Rf5 34. Qxa8 h5 35. Qe4 Kg7 36. Rcd1 Qc7 37. Rd3 Qa5 38. Re2 Rg5 39. Rf3 Qc7 40. Qd3 h4 41. c4 e5 42. c5 Be7 43. Rxe5 Rxe5 44. dxe5 Bxc5 45. Qf5 h3 46. Qxh3 Qxe5 47. Qf5 Qe7 48. h4 Qb7 49. h5 Bd4 50. Rd3 Qb6 51. Qg5+ 1-0

[Event "Recife Dokmus op"]
[Site "Recife"]
[Date "2013.01.17"]
[Round "1"]
[White "Baltar, Petrov Ferreira"]
[Black "Da Silva, Alessandro Rodrigue"]
[Result "0-1"]
[WhiteElo "1821"]
[BlackElo "2198"]
[PlyCount "62"]
[EventDate "2013.01.17"]
[EventType "swiss"]
[EventRounds "7"]
[EventCountry "BRA"]
[SourceTitle "CBM 152 Extra"]
[Source "ChessBase"]
[SourceDate "2013.02.25"]
[SourceVersion "1"]
[SourceVersionDate "2013.02.25"]
[SourceQuality "1"]

1. Na3 d5 2. c4 c6 3. f4 e5 4. fxe5 dxc4 5. Nf3 Bg4 6. Nxc4 Bxf3 7. exf3 Bc5 8. Qe2 Ne7 9. Ne3 0-0 10. f4 Na6 11. a3 Nc7 12. g3 Ne6 13. Bg2 Nd4 14. Qd1 Qc7 15. 0-0 Rad8 16. Kh1 Nef5 17. Nxf5 Nxf5 18. Qg4 Nd4 19. b4 Bb6 20. Ra2 Qe7 21. Bb2 g6 22. Bc3 h5 23. Qd1 Qe6 24. Rb2 Nb5 25. Qb3 Qf5 26. a4 Nc7 27. b5 cxb5 28. axb5 Rd3 29. Qc4 Qd7 30. Be4 Rxg3 31. hxg3 Qh3# 0-1

[Event "Sao Bento do Sul Education"]
[Site "Sao Bento do Sul"]
[Date "2010.10.10"]
[Round "3"]
[White "Pereira, Geanfrancesco"]
[Black "Da Silva, Alessandro Rodrigue"]
[Result "1-0"]
[WhiteElo "1993"]
[BlackElo "2212"]
[PlyCount "63"]
[EventDate "2010.10.09"]
[EventType "swiss"]
[EventRounds "7"]
[EventCountry "BRA"]
[SourceTitle "EXT 2013"]
[Source "ChessBase"]
[SourceDate "2012.11.22"]
[SourceVersion "1"]
[SourceVersionDate "2012.11.22"]
[SourceQuality "1"]

1. e4 c5 2. Nf3 d6 3. d4 cxd4 4. Nxd4 Nf6 5. Nc3 g6 6. f4 Nfd7 7. Be2 Bg7 8. Be3 Nc6 9. 0-0 0-0 10. Nb3 Nb6 11. Rb1 Be6 12. Rf3 Bc4 13. Rh3 Bxe2 14. Nxe2 d5 15. e5 Nc4 16. Bc5 b6 17. Bf2 e6 18. Nbd4 Nxd4 19. Nxd4 Qd7 20. Qe1 Rfc8 21. c3 b5 22. Bh4 h5 23. Qe2 b4 24. cxb4 Nd6 25. g4 hxg4 26. Qxg4 Rc4 27. Bf6 Qc7 28. Qh4 Rc1+ 29. Kg2 Rc2+ 30. Kf3 Bxf6 31. Qxf6 Rf2+ 32. Ke3 1-0

[Event "Sao Paulo Americana"]
[Site "Sao Paulo"]
[Date "2007.12.09"]
[Round "7"]
[White "Da Silva, Alessandro Rodrigue"]
[Black "Rodriguez Vila, Andres"]
[Result "0-1"]
[WhiteElo "2164"]
[BlackElo "2541"]
[PlyCount "78"]
[EventDate "2007.12.04"]
[EventType "tourn"]
[EventRounds "9"]
[EventCountry "BRA"]
[EventCategory "7"]
[SourceTitle "CBM 121 Extra"]
[Source "ChessBase"]
[SourceDate "2008.01.10"]
[SourceVersion "1"]
[SourceVersionDate "2008.01.10"]
[SourceQuality "1"]

1. e4 d6 2. d4 g6 3. Nc3 a6 4. f4 b5 5. Bd3 Bb7 6. Nf3 Nd7 7. e5 Bg7 8. Be3 Nh6 9. Be4 Qc8 10. 0-0 Nb6 11. Qe2 Nf5 12. Bf2 b4 13. Bxb7 Qxb7 14. Ne4 0-0 15. g4 Nh6 16. Nfg5 Qd5 17. Rac1 Qc4 18. Qf3 f6 19. exf6 exf6 20. Nh3 Nxg4 21. Nxd6 cxd6 22. Qxg4 f5 23. Qd1 Qxa2 24. b3 Nd5 25. Ra1 Qb2 26. Ra5 Nc3 27. Qd3 Ne4 28. Be3 Rac8 29. c4 Nc3 30. c5 d5 31. Qxa6 Rfe8 32. Bf2 Ne2+ 33. Kg2 Qc2 34. Re1 Qe4+ 35. Kf1 Qh1+ 36. Ng1 Nxf4 37. Re5 Bxe5 38. dxe5 Qg2+ 39. Ke1 Rxe5+ 0-1

[Event "Catarinense-ch"]
[Site "Piratuba"]
[Date "2007.12.??"]
[Round "3"]
[White "Da Silva, Alessandro Rodrigue"]
[Black "Mafra, Kaiser Luiz"]
[Result "0-1"]
[WhiteElo "2223"]
[BlackElo "2138"]
[PlyCount "98"]
[EventDate "2007.12.17"]
[EventType "swiss"]
[EventRounds "6"]
[EventCountry "BRA"]
[SourceTitle "EXT 2022"]
[Source "ChessBase"]
[SourceDate "2021.10.06"]
[SourceVersion "1"]
[SourceVersionDate "2021.10.06"]
[SourceQuality "1"]

1. e4 c5 2. Nf3 Nc6 3. c4 e5 4. Nc3 g6 5. Bd3 Bg7 6. 0-0 Nge7 7. Nd5 0-0 8. a3 a5 9. Ne1 Nd4 10. Nc2 Nec6 11. Nxd4 Nxd4 12. f4 f5 13. exf5 gxf5 14. Qh5 e4 15. Be2 Ra6 16. Bd1 Rg6 17. Rb1 b5 18. b4 Bb7 19. Ne3 bxc4 20. bxc5 Ba6 21. Re1 Ne6 22. Rf1 Qc7 23. Nxf5 Qxc5+ 24. Ne3 Bd4 25. Qxc5 Nxc5 26. Be2 Nd3 27. Bxd3 exd3 28. Bb2 Bc5 29. f5 Rg5 30. f6 d5 31. Rf5 Kf7 32. Bd4 Bxa3 33. Rb6 Bc8 34. Rb5 Bb4 35. Rf2 Re8 36. h3 Re4 37. Rb8 Rg8 38. Bb2 Rxe3 39. dxe3 d2 40. Rf1 c3 41. Bxc3 Bxc3 42. Ra8 d4 43. exd4 Rxg2+ 44. Kh1 Bb7 45. Ra7 Rg1+ 46. Kxg1 Bxd4+ 47. Kh2 Bxa7 48. Kg3 Be4 49. Rd1 Be3 0-1

[Event "Catarinense-ch"]
[Site "Piratuba"]
[Date "2006.12.??"]
[Round "4"]
[White "Dejeanne, Francisco Horacio"]
[Black "Da Silva, Alessandro Rodrigue"]
[Result "0-1"]
[WhiteElo "2239"]
[BlackElo "2221"]
[PlyCount "132"]
[EventDate "2006.12.11"]
[EventType "swiss"]
[EventRounds "6"]
[EventCountry "BRA"]
[SourceTitle "EXT 2022"]
[Source "ChessBase"]
[SourceDate "2021.10.06"]
[SourceVersion "1"]
[SourceVersionDate "2021.10.06"]
[SourceQuality "1"]

1. c4 c6 2. e4 d5 3. exd5 cxd5 4. d4 Nc6 5. Nc3 Nf6 6. Bg5 Be6 7. Bxf6 exf6 8. c5 Be7 9. a3 0-0 10. Bb5 Re8 11. Nge2 Qc7 12. 0-0 Rad8 13. b4 f5 14. Ba4 a6 15. Qd2 b5 16. Bc2 Bf6 17. Rfd1 f4 18. Qd3 g6 19. Qf3 Kg7 20. Rd2 g5 21. Rad1 Qd7 22. h3 Ne7 23. Nc1 Ng6 24. Qd3 h5 25. a4 g4 26. axb5 gxh3 27. c6 Qd6 28. gxh3 axb5 29. Qxb5 Bxh3 30. Qd3 f3 31. Qxf3 Bg4 32. Qg3 Bg5 33. Qxd6 Rxd6 34. Nd3 Rxc6 35. Ba4 Rxc3 36. Bxe8 Bxd2 37. Rxd2 Bf5 38. Ne5 Nxe5 39. dxe5 Be4 40. b5 h4 41. f4 h3 42. Kh2 Kf8 43. Bc6 Rc5 44. Kxh3 Ke7 45. Kg3 Ke6 46. Rb2 Rc3+ 47. Kf2 Rh3 48. b6 Rh8 49. Rb4 Kf5 50. Ke3 d4+ 51. Kxd4 Bxc6 52. b7 Rb8 53. Rb6 Rxb7 54. Rxc6 Kxf4 55. e6 f5 56. Kd5 Kg5 57. Kd6 Kf6 58. Ra6 Rb1 59. Rc6 Rd1+ 60. Kc7 Ke7 61. Kb6 Rd6 62. Rxd6 Kxd6 63. e7 Kxe7 64. Kc5 Kf6 65. Kd4 Kg5 66. Ke3 Kg4 0-1

[Event "Paulista-chT Interclubes 17th"]
[Site "Sao Paulo"]
[Date "2006.02.??"]
[Round "1"]
[White "Catozzo, Vinicius Jr"]
[Black "Da Silva, Alessandro Rodrigue"]
[Result "0-1"]
[WhiteElo "2165"]
[BlackElo "2260"]
[PlyCount "174"]
[EventDate "2006.02.11"]
[EventType "team-tourn"]
[EventRounds "7"]
[EventCountry "BRA"]
[SourceTitle "EXT 2022"]
[Source "ChessBase"]
[SourceDate "2021.10.06"]
[SourceVersion "1"]
[SourceVersionDate "2021.10.06"]
[SourceQuality "1"]
[WhiteTeam "Sirio EC"]
[BlackTeam "Sociedade Hebraica"]
[WhiteTeamCountry "BRA"]
[BlackTeamCountry "BRA"]

1. d4 d5 2. c4 e5 3. dxe5 d4 4. Nf3 Nc6 5. g3 Be6 6. b3 Bb4+ 7. Bd2 Be7 8. Bg2 g5 9. 0-0 h6 10. Ne1 Qd7 11. Nd3 Bh3 12. b4 Bxg2 13. Kxg2 Qe6 14. Na3 Nxe5 15. Nxe5 Qxe5 16. c5 Nf6 17. Kg1 Nd5 18. Nc4 Qe6 19. Rc1 h5 20. f3 b5 21. cxb6 axb6 22. a3 f5 23. f4 gxf4 24. gxf4 Nc3 25. Bxc3 Qg6+ 26. Kh1 Rg8 27. Rf2 Qc6+ 28. Rf3 Qxc4 29. Bxd4 Qd5 30. Be5 Qxd1+ 31. Rxd1 c5 32. b5 c4 33. Rc3 Bc5 34. Bd4 Rc8 35. Bxc5 Rxc5 36. Rd4 Rxb5 37. Rdxc4 Rb1+ 38. Rc1 Rxc1+ 39. Rxc1 Kd7 40. Rc3 Rg4 41. e3 h4 42. Rc1 Rg6 43. Rg1 Re6 44. Re1 h3 45. Kg1 Rg6+ 46. Kf1 Ke6 47. Re2 Kd5 48. Kf2 Ke4 49. Kf1 Kf3 50. Rb2 Rc6 51. Ke1 Rc3 52. Rxb6 Rxe3+ 53. Kf1 Rxa3 54. Rb1 Kxf4 55. Kg1 Re3 56. Rf1+ Kg4 57. Rb1 Re2 58. Rb4+ f4 59. Rb8 Kf3 60. Rb3+ Re3 61. Rb1 Ra3 62. Kf1 Rc3 63. Ra1 Rc2 64. Ra3+ Kg4 65. Kg1 Re2 66. Ra8 Rd2 67. Rb8 Rg2+ 68. Kh1 Re2 69. Kg1 Rg2+ 70. Kh1 Re2 71. Kg1 Kf3 72. Rb3+ Re3 73. Rb1 Rd3 74. Kf1 Rc3 75. Ra1 Ke4 76. Re1+ Re3 77. Ra1 Rb3 78. Re1+ Kf3 79. Ra1 Rb2 80. Ra3+ Kg4 81. Kg1 Rb1+ 82. Kf2 Rh1 83. Ra8 Rxh2+ 84. Kg1 Rb2 85. Ra3 f3 86. Kh1 Kg3 87. Ra1 Rh2+ 0-1